| 000 | 00429nam a2200157 4500 | ||
|---|---|---|---|
| 020 | _aS/N | ||
| 050 | _aTJ950 M418 1990 | ||
| 082 | _a629.845 M567s | ||
| 100 | _aMeixner, M. | ||
| 245 | _aSAP 1 Sensores, Procesadores, Actuadores / M. Meixner, Idler, S. | ||
| 250 | _a1 | ||
| 260 | _aAustria : Festo Didactic | ||
| 300 | _a185 p. / 29 cm. | ||
| 650 | _a1. MÁQUINAS NEUMÁTICAS / 2. NEUMÁTICA | ||
| 700 | _aI. S. Idler coaut. | ||
| 999 |
_c27027 _d27027 |
||